000
00271nam a22000977a 4500
082
_a
823
_b
ROW/H
100
_a
ROWLING,J.K
245
_a
HARRY POTTER& THE CHAMBER OF SECRETS
246
_a
HARRY POTTER& THE CHAMBER OF SECRETS
_b
HARRY POTTER& THE CHAMBER OF SECRETS
942
_c
BK
999
_c
8058
_d
8058